000 00270nam a22001217a 4500
008 180807b xxu||||| |||| 00| 0 eng d
082 _a813.52
245 _aFirst Responder
_cHill,M.G
260 _c2008
300 _a1
_fCD
440 _x9780073521978
942 _2ddc
_cMX
999 _c46894
_d46894